| 000 | 01412nam a22003737a 4500 | ||
|---|---|---|---|
| 999 |
_c243 _d243 |
||
| 001 | 002441 | ||
| 003 | CoMeUDC002441 | ||
| 005 | 20181128212849.0 | ||
| 008 | 040329s2003 ck a b 011 0dspa | ||
| 020 | _z9586168311 (obra completa) | ||
| 020 | _a9586168158 (t. 1) | ||
| 020 | _a958616814X (t. 2) | ||
| 035 | _a(BO-CbLA)la030102158 | ||
| 040 |
_aDLC _cCoMeUDC _dDLC |
||
| 043 |
_as-ck--- _acl----- _an-us--- |
||
| 082 | 0 | 0 |
_a320.986 L864p _222 |
| 100 | 1 |
_aLópez Michelsen, Alfonso, _d1913-2007. |
|
| 245 | 1 | 3 | _aEl pensamiento contemporáneo del expresidente Alfonso López Michelsen. / |
| 250 | _a1. ed. | ||
| 260 |
_aBogotá : _bUniversidad Externado de Colombia, _c2003. |
||
| 300 |
_a2 v. : _bill. ; _c25 cm. |
||
| 500 | _aCollection from his Sunday column in the newspaper El Tiempo. | ||
| 500 | _a"Homenaje a Fernando Hinostrosa, 40 años de rectoría, 1963-2003"--P [3]. | ||
| 504 | _aIncludes bibliographical references and indexes. | ||
| 650 | 0 |
_aPensamiento contemporaneo _y1989- _9464 |
|
| 651 | 0 |
_aPolítica y gobierno _xPolitics and government _y1974- _9465 _zColombia. |
|
| 651 | 0 |
_aCondiciones económicas _xEconomic conditions. _9466 _zColombia. |
|
| 651 | 0 |
_aCondiciones sociales. _xSocial conditions. _9467 _zColombia. |
|
| 651 | 0 | _aLatin America. | |
| 651 | 0 | _aUnited States. | |
| 700 | 1 | _aHinostrosa, Fernando. | |
| 730 | 0 | _aTiempo (Bogotá, Colombia : 1911) | |
| 942 |
_2ddc _cBK |
||